000 00607nam a2200169Ia 4500
003 GCL
008 140319s9999 xx 000 0 ara d
040 _aGCL /
_cGCL
082 0 4 _a344.01
_bد ق
245 1 0 _aقانون العاملين المدنيين بالدولة رقم 47 لسنة 1978
260 _aالقاهرة :
_bدار الحقانية لتوزيع الكتب القانونية ،
_c2005
300 _a320 ص ؛
_c16 سم
650 0 4 _aالرقابة الادارية
650 0 4 _aالقرارات الادارية
650 0 4 _aالقانون الادارى - مصر
942 _2ddc
_cBK
999 _c27807
_d27807